Antologia poètica / Josep Carner
ISBN:
84-398-2730-X
Descripción Física:
30 p. ; 22 cm
MARC
| LEADER | 00000nam a2200000Ia 4500 | ||
|---|---|---|---|
| 001 | 12673 | ||
| 008 | 160829s9999 xx 000 0 cat d | ||
| 020 | |a 84-398-2730-X | ||
| 080 | |a FU-14-62 | ||
| 100 | |a Carner, Josep, |d 1884-1970 |9 24255 | ||
| 245 | |a Antologia poètica / Josep Carner | ||
| 260 | |a Manresa : |b (Graf. Montañà), dl 1984 | ||
| 300 | |a 30 p. ; |c 22 cm | ||
| 590 | |a Edició commemorativa del primer centenari del naixement del poeta, a cura de l'equip coordinador de Faig, revista literària | ||
| 901 | |a Arxiu | ||
| 942 | |n 1 | ||
| 952 | |0 0 |1 0 |4 0 |6 FU1462 |7 1 |9 43040 |a Arxiu |b Arxiu |d 2016-12-01 |l 0 |o FU-14-62 |p 12673 |r 2016-12-01 00:00:00 |w 2016-12-01 |y ARXIU | ||
| 999 | |c 45584 |d 45584 | ||